| 000 | 00670nam 22002293 4500 | ||
|---|---|---|---|
| 001 | 201336 | ||
| 021 |
_aPT _b12 340/86 |
||
| 090 | _a201336 | ||
| 100 | _a20250708d u||y0pory50 ba | ||
| 101 | _apor | ||
| 102 | _aPT | ||
| 200 |
_aGuilhermina _fMário Cláudio |
||
| 210 |
_a[Lisboa] _cImprensa Nacional-Casa da Moeda _d1986 |
||
| 215 |
_a117, [6] p. _cbrochado _d24 cm |
||
| 225 | _aBiblioteca de Autores Portugueses | ||
| 300 | _aContém dedicatória na página de rosto | ||
| 606 |
_aLiteratura Portuguesa _96 |
||
| 675 |
_a821.134.3-31 _vPT _zpor |
||
| 700 |
_93761 _aCláudio _bMário _f1941- |
||
| 801 |
_aPT _bBMMN _gRPC |
||
| 830 |
_cAna Falardo _fAna Falardo |
||
| 990 | _cLIVROS | ||